00575nam a2200169 a 450000500170000000800410001702000180005805000260007610000180010224500740012026000450019430000070023944000230024652000710026965000330034065000320037320140412111410.0070214s19uu xx 00 eng d a983-187-219-3 aTR(GS 428.4bM11 2004 aMah, May S.M. aMay and Jay stay away from the rain, Series 1 book 6 /cMay S.M. Mah. aMalaysia :bRhythm publishing co,c2004. a24 aPhonics in reading aThe pre - reading practice introduces new words before the stories aPhonetics-- English language aReading -- English language